ბათუმის შოთა რუსთაველის სახელმწიფო უნივერსიტეტის ბიბლიოთეკა

Alter Ego + A1 : (ბიბ.ჩანაწერი № 49538)

000 -LEADER
fixed length control field 00864nam a2200265Ia 4500
001 - CONTROL NUMBER
control field 16467
003 - CONTROL NUMBER IDENTIFIER
control field GE_BSU
005 - DATE AND TIME OF LATEST TRANSACTION
control field 20230313120111.0
008 - FIXED-LENGTH DATA ELEMENTS--GENERAL INFORMATION
fixed length control field 181216s2012||||fr |||||||||||||| ||fre||
020 ## - INTERNATIONAL STANDARD BOOK NUMBER
International Standard Book Number 978-2011558114
040 ## - CATALOGING SOURCE
Transcribing agency GE_BSU
041 ## - LANGUAGE CODE
Language code of text/sound track or separate title fre
080 ## - UNIVERSAL DECIMAL CLASSIFICATION NUMBER
Universal Decimal Classification number 811.133.1A-44
245 ## - TITLE STATEMENT
Title Alter Ego + A1 :
Remainder of title Cahier d'activités methode de francais /
Statement of responsibility, etc. Annie Berthet, Emanuel daill, Caterine Hugont, Monique Waendendries. `
264 ## - PRODUCTION, PUBLICATION, DISTRIBUTION, MANUFACTURE, AND COPYRIGHT NOTICE
Place of production, publication, distribution, manufacture Paris :
Name of producer, publisher, distributor, manufacturer Hachette Français Langue Etrangère,
Date of production, publication, distribution, manufacture, or copyright notice 2012.
300 ## - PHYSICAL DESCRIPTION
Extent 128 pages :
Other physical details ill.;
Dimensions 28 cm.
Accompanying material +1 CD Audio.
653 ## - INDEX TERM--UNCONTROLLED
keyword Alter Ego + A1
653 ## - INDEX TERM--UNCONTROLLED
keyword ფრანგული ენა
653 ## - INDEX TERM--UNCONTROLLED
keyword გრამატიკა
700 ## - ADDED ENTRY--PERSONAL NAME
Personal name daill, Emanuel
Relator term by
9 (RLIN) 17181
700 ## - ADDED ENTRY--PERSONAL NAME
Personal name Hugont, Caterine
Relator term by
9 (RLIN) 17182
700 ## - ADDED ENTRY--PERSONAL NAME
Personal name Waendendries, Monique
Relator term by
9 (RLIN) 17183
942 ## - ADDED ENTRY ELEMENTS (KOHA)
Koha item type წიგნი
Source of classification or shelving scheme
ეგზემპლარები
Withdrawn status Lost status Source of classification or shelving scheme Damaged status Not for loan Permanent Location Current Location Shelving location Date acquired Cost, normal purchase price Full call number Barcode Date last seen Copy number Price effective from Koha item type Public note
          ბათუმის შოთა რუსთაველის სახელმწიფო უნივერსიტეტის მთავარი ბიბლიოთეკა ბათუმის შოთა რუსთაველის სახელმწიფო უნივერსიტეტის მთავარი ბიბლიოთეკა წიგნსაცავი 2018-12-17 59.00 811.133.1A-44 41176 2018-12-17 41176 2018-12-17 წიგნი 59.00 GEL.
          ბათუმის შოთა რუსთაველის სახელმწიფო უნივერსიტეტის მთავარი ბიბლიოთეკა ბათუმის შოთა რუსთაველის სახელმწიფო უნივერსიტეტის მთავარი ბიბლიოთეკა წიგნსაცავი 2018-12-17 52.00 811.133.1A-44 57582 2018-12-17 57582 2018-12-17 წიგნი 52.00 GEL.
          ბათუმის შოთა რუსთაველის სახელმწიფო უნივერსიტეტის მთავარი ბიბლიოთეკა ბათუმის შოთა რუსთაველის სახელმწიფო უნივერსიტეტის მთავარი ბიბლიოთეკა   2018-12-17 52.00 811.133.1A-44 57583 2018-12-17 57583 2018-12-17 წიგნი 52.00 GEL.